00213nam a2200085Ia 450000100070000000500170000700800410002424500520006526000100011764176620250826153513.0250824s9999 xx 000 0 und d 0aEBEVEYNLER NASIL EĞİTİLİR?cJENNY SMITH bTUDEM